000 01550nam0a22002891 4500
001 v19\rc\1660850
005 20250619010254.0
035 _a(NLR Aleph) 004770325
090 _a4625687
_c4625687
100 _a20061002e18901890|||y0rusy50 ca
101 0 _arus
102 _aRU
105 _ay z |||||
200 1 _aО чешско-немецком соглашении, состоявшемся в Вене в январе 1890 г.
_eЧтение Ф.Л. Яреша, в торжеств. собр. Киев. слав. благотвор. о-ва в день памяти свв. первоучителей слав. Кирилла и Мефодия, 11 мая 1890 г.
210 _a[Киев]
_dценз. 1890
215 _a24 с.
_d25
311 _aОтт. из сб. "Чтения в общ. собр. Киев. слав. благотворит. о-ва в 1890 г.". Киев, 1890
488 0 _12001#$aЧтения в общественных собраниях Киевского славянского благотворительного общества в 1890 г.
_1210##$aКиев$d1890
_tЧтения в общественных собраниях Киевского славянского благотворительного общества в 1890 г.
700 1 _aЯреш
_bФ.Л.
_gФедор Леонтьевич
801 0 _aRU
_bNLR
_gpsbo
801 0 _aRU
_bRuMoRGB
_2psbo
801 1 _aRU
_bProSoft-M
_2rusmarc
852 _aNLR
_j18.280.6.136
899 _aБАН
899 _aRuMoRGB
_jA 193/11
942 _cBOOK
980 _aNB